|
|
|
|
| LEADER |
00963nnm a2200217 i 4500 |
| 001 |
eta233 |
| 005 |
20181005152339.0 |
| 008 |
180515s2004 hu o 0|| hun d |
| 040 |
|
|
|a SZTE Elektronikus Tananyag Archívum
|b hun
|
| 041 |
|
|
|a hun
|
| 100 |
1 |
|
|a Sófalvy Ferenc
|
| 245 |
1 |
0 |
|a Baromfitenyésztéstan
|h [elektronikus dokumentum] :
|b távoktatási jegyzet az alábbi kurzusokhoz: MMTAL31...MMTNK62 Állattenyésztéstan (baromfi) MMTOMM133 MMTV33 /
|c Sófalvy Ferenc
|
| 260 |
|
|
|a Szegedi Tudományegyetem Mezőgazdasági Főiskolai Kar Vállalatgazdaságtani Tanszék
|b Hódmezővásárhely
|c 2004
|
| 300 |
|
|
|a 186
|
| 516 |
|
|
|a Book
|
| 650 |
|
4 |
|a Mezőgazdaság-tudományok
|
| 650 |
|
4 |
|a Állattenyésztési és tejtermelési tudomány
|
| 650 |
|
4 |
|a Állattenyésztési és tejtermelési tudomány
|
| 650 |
|
4 |
|a Állattenyésztési technika
|
| 650 |
|
4 |
|a Baromfitenyésztés
|
| 856 |
4 |
0 |
|u https://eta.bibl.u-szeged.hu/233/1/baromfitenyesztestan.pdf
|z Dokumentum-elérés
|